000 00554nam a22002177a 4500
999 _c6264
_d6264
001 6264
003 BD-JhCC
005 20180125190613.0
008 180118s1965 -ukao||| |||| 00| 0 eng d
035 _a(BD-JhCC)6264
040 _aBD-JhCC
_dBD-JhCC
041 _aeng
082 _a613
_bHEA 1965
245 _aHealth :
_cScience on The March Unit Five /
_bJhon A. Clark ...[et. all.]
260 _aLondon :
_bLongmans,
_c1965.
300 _a79 p.:
_bill.;
_c22 cm.
650 _aHealth
700 _aClark, Jhon A.
942 _2ddc
_cBK